Kader 1.FC Köln 2024/25 - Statistiken

Allgemein
  • Dieses Quiz wurde 297 mal gespielt
  • Das Durchschnittsergebnis liegt bei 22 aus 34
Antwortstatistiken
Hint Antwort % Korrekt
1 Marvin Schwäbe
98%
40 Jonas Urbig
93%
4 Timo Hübers
91%
11 Florian Kainz
88%
6 Eric Martel
87%
42 Damion Downs
86%
3 Dominique Heintz
85%
19 Tim Lemperle
84%
37 Linton Maina
82%
7 Dejan Ljubicic
79%
29 Jan Uwe Thielmann
79%
21 Steffen Tigges
78%
9 Luca Waldschmidt
74%
24 Julian Pauli
70%
13 Mark Uth
70%
44 Matthias Köbbing
70%
35 Max Finkgräfe
70%
8 Denis Huseinbasic
68%
20 Philipp Pentke
68%
15 Luca Kilian
65%
47 Mathias Olesen
64%
17 Leart Pacarada
62%
23 Sargis Adamyan
60%
33 Florian Dietz
52%
38 Elias Bakatukanda
48%
18 Rasmus Carstensen
48%
12 Jonas Nickisch
47%
22 Jacob Christensen
45%
16 Marvin Obuz
44%
43 Jaka Cuber Potocnik
37%
39 Maximilian Schmid
31%
5 Nikola Soldo
29%
36 Meiko Wäschenbach
25%
34 Fayssal Harchaoui
17%
Keine übereinstimmenden Quizze gefunden
Verteilung der Resultate
Anzahl Personen mit jedem Resultat
Perzentil nach korrekt beantworteten Fragen
Ihre Resultats-Entwicklung
Sie haben dieses Quiz noch nicht gespielt